000 00846nam a2200253Ia 4500
003 OSt
005 20220923211035.0
006 a|||||r|||| 00| 0
007 ta
008 Pun
020 _a8171831898
_c250
024 _a260,763
037 _b651, 22/03/2012, H.K. Prakashan
_cTextual
040 _aARTS
_cARTS
_bPun
041 _2Pun
_aPun
082 _aQ8441:g, 153Q1
100 _aਪਰਮਿੰਦਰਜੀਤ ਕੌਰ
_9157480
245 0 _aਸਿੱਖ ਧਰਮ ਦੇ ਪ੍ਰਮੁੱਖ ਸਿਧਾਂਤ
260 _aਦਿੱਲੀ
_b ਬਿFਨ ਚੰਦ ਐ੍ਵਡ ਸ੍ਵਸ
_c2011
300 _a115ਪੰ
_ccm.
650 _aਧOਰੁ Fਸੱਢ
_9157481
942 _hQ8441:g, 153Q1
_cTEXL
_2CC
999 _c294378
_d294378